000
00199 a2200109 4500
041
_a
spa
100
_a
Dario, Ruben
245
_a
Betun y sangre
942
_c
BK
999
_c
29786
_d
29784
999
_d
29784
999
_d
29784